Иной мир: Советские записки

Xehetasun bibliografikoak
Egile nagusia: Герлинг-Грудзинский Г. Густав
Beste egile batzuk: Горбаневская Н. (переводчик)
Gaia:Исключено из фонда НТБ ТПУ
Hizkuntza:errusiera
Argitaratua: Москва, Прогресс, 1991
Formatua: MixedMaterials Liburua
KOHA link:https://koha.lib.tpu.ru/cgi-bin/koha/opac-detail.pl?biblionumber=126428

MARC

LEADER 00000nam0a2200000 4500
001 126428
005 20231031131853.0
010 |a 501003543X 
020 |a RU  |b 91-45502 
035 |a (RuTPU)RU\TPU\book\136775 
090 |a 126428 
100 |a 20071128d1991 m y0rusy5003 ca 
101 1 |a rus  |c pol 
102 |a RU 
105 |a y z 000zy 
200 1 |a Иной мир  |e Советские записки  |f Г. Герлинг-Грудзинский  |g пер. с польского Н. Горбаневская 
210 |a Москва  |c Прогресс  |d 1991 
215 |a 240 с. 
333 |a Исключено из фонда НТБ ТПУ 
700 1 |a Герлинг-Грудзинский  |b Г.  |g Густав 
702 1 |a Горбаневская  |b Н.  |4 730 
801 0 |a RU  |b RuMRKP  |c 19950417  |g psbo 
801 1 |a RU  |b 63413507  |c 20071128  |g PSBO 
801 2 |a RU  |b 63413507  |c 20220602  |g PSBO 
942 |c BK